All 327 Supernatural Episodes (S1-S15) - Statistics

General Stats
  • This quiz has been taken 182 times
  • The average score is 124 of 327
Answer Stats
Hint Answer % Correct
1 Pilot
90%
2 Wendigo
86%
5 Bloody Mary
73%
327 Carry On
73%
61 Lazarus Rising
73%
8 Bugs
71%
55 Mystery Spot
71%
43 All Hell Breaks Loose (Part 1)
69%
44 All Hell Breaks Loose (Part 2)
69%
3 Dead in the Water
68%
11 Scarecrow
68%
290 The Scar
68%
62 Are You There, God? It's Me, Dean Winchester
64%
7 Hook Man
64%
6 Skin
64%
86 The End
64%
66 Yellow Fever
64%
57 Ghostfacers
63%
9 Home
63%
119 The French Mistake
63%
12 Faith
61%
200 Fan Fiction
61%
23 In My Time of Dying
61%
4 Phantom Traveler
61%
280 Scoobynatural
61%
222 Baby
59%
90 Changing Channels
59%
67 It's the Great Pumpkin, Sam Winchester
59%
82 Lucifer Rising
59%
13 Route 666
59%
93 Sam, Interrupted
58%
10 Asylum
56%
196 Black
56%
22 Devil's Trap
56%
190 Meta Fiction
56%
104 Swan Song
56%
124 The Man Who Would Be King
56%
187 #THINMAN
56%
52 A Very Supernatural Christmas
54%
47 Bad Day at Black Rock
54%
31 Croatoan
54%
325 Despair
54%
177 Dog Dean Afternoon
54%
39 Heart
54%
32 Hunted
54%
14 Nightmare
54%
78 The Monster at the End of This Book
54%
26 Children Shouldn't Play with Dead Things
53%
20 Dead Man's Blood
53%
41 Folsom Prison Blues
53%
85 Free to Be You and Me
53%
17 Hell House
53%
50 Red Sky at Morning
53%
132 Slash Fiction
53%
15 The Benders
53%
146 The Girl With the Dungeons and Dragons Tattoo
53%
108 Weekend at Bobby's
53%
150 We Need to Talk About Kevin
53%
42 What Is and What Should Never Be
53%
81 When the Levee Breaks
53%
36 Born Under a Bad Sign
51%
326 Inherit the Earth
51%
63 In the Beginning
51%
160 LARP and the Real Girl
51%
76 On the Head of a Pin
51%
252 Regarding Dean
51%
38 Roadkill
51%
16 Shadow
51%
194 Stairway to Heaven
51%
54 Dream a Little Dream of Me
49%
56 Just in Bello
49%
18 Something Wicked
49%
168 Taxi Driver
49%
24 Everybody Loves a Clown
47%
84 Good God, Y'all
47%
127 Meet the New Boss
47%
19 Provenance
47%
126 The Man Who Knew Too Much
47%
29 The Usual Suspects
47%
92 Abandon All Hope...
46%
171 Clip Show
46%
202 Girls, Girls, Girls
46%
178 Heaven Can't Wait
46%
175 I'm No Angel
46%
109 Live Free or Twi-hard
46%
123 Mommy Dearest
46%
96 My Bloody Valentine
46%
60 No Rest for the Wicked
46%
172 Sacrifice
46%
37 Tall Tales
46%
73 After School Special
44%
241 Alpha and Omega
44%
70 Heaven and Hell
44%
157 Hunteri Heroici
44%
69 I Know What You Did Last Summer
44%
173 I Think I'm Gonna Like It Here
44%
251 Lily Sunder Has Some Regrets
44%
65 Monster Movie
44%
28 No Exit
44%
165 Remember the Titans
44%
182 Road Trip
44%
21 Salvation
44%
27 Simon Said
44%
94 Swap Meat
44%
83 Sympathy for the Devil
44%
89 The Curious Case of Dean Winchester
44%
151 What's Up, Tiger Mommy?
44%
25 Bloodlust
42%
218 Brother's Keeper
42%
30 Crossroad Blues
42%
174 Devil May Care
42%
300 Lebanon
42%
53 Malleus Maleficarum
42%
169 Pac-Man Fever
42%
134 Season Seven, Time for a Wedding!
42%
262 There's Something About Mary
42%
103 Two Minutes to Midnight
42%
192 Bloodlines
41%
247 Celebrating the Life of Asa Fox
41%
72 Criss Angel Is a Douchebag
41%
136 Death's Door
41%
162 Everybody Hates Hitler
41%
40 Hollywood Babylon
41%
35 Houses of the Holy
41%
164 Man's Best Friend With Benefits
41%
34 Nightshifter
41%
147 Reading is Fundamental
41%
74 Sex and Violence
41%
143 The Born-Again Identity
41%
80 The Rapture
41%
91 The Real Ghostbusters
41%
281 The Thing
41%
270 Tombstone
41%
106 Two and a Half Men
41%
191 Alex Annie Alexis Ann
39%
156 A Little Slice of Kevin
39%
179 Bad Boys
39%
154 Blood Brother
39%
167 Freaks and Geeks
39%
166 Goodbye Stranger
39%
135 How to Win Friends and Influence Monsters
39%
77 It's a Terrible Life
39%
249 L.O.T.U.S.
39%
211 Paint It Black
39%
33 Playthings
39%
235 Red Meat
39%
197 Reichenbach
39%
180 Rock and a Hard Place
39%
48 Sin City
39%
198 Soul Survivor
39%
253 Stuck in the Middle (With You)
39%
205 The Hunter Games
39%
148 There Will Be Blood
39%
210 The Things They Carried
39%
204 The Things We Left Behind
39%
112 All Dogs Go to Heaven
37%
215 Angel Heart
37%
186 Captives
37%
98 Dark Side of the Moon
37%
97 Dead Men Don't Wear Plaid
37%
75 Death Takes a Holiday
37%
71 Family Remains
37%
183 First Born
37%
51 Fresh Blood
37%
322 Gimme Shelter
37%
152 Heartache
37%
193 King of the Damned
37%
125 Let It Bleed
37%
64 Metamorphosis
37%
189 Mother's Little Helper
37%
102 The Devil You Know
37%
45 The Magnificent Seven
37%
107 The Third Man
37%
274 Wayward Sisters
37%
68 Wishful Thinking
37%
120 ...And Then There Were None
36%
201 Ask Jeeves
36%
111 Family Matters
36%
79 Jump the Shark
36%
242 Keep Calm and Carry On
36%
184 Sharp Teeth
36%
176 Slumber Party
36%
155 Southern Comfort
36%
149 Survival of the Fittest
36%
228 The Devil in the Details
36%
217 The Prisoner
36%
185 The Purge
36%
223 Thin Lizzie
36%
99 99 Problems
34%
49 Bedtime Stories
34%
153 Bitten
34%
158 Citizen Fang
34%
238 Don't Call Me Shurley
34%
87 Fallen Idols
34%
203 Hibbing 911
34%
181 Holy Terror
34%
88 I Believe the Children Are Our Future
34%
121 My Heart Will Go On
34%
301 Ouroboros
34%
46 The Kids Are Alright
34%
310 The Rupture
34%
95 The Song Remains the Same
34%
232 The Vessel
34%
279 A Most Holy Man
32%
188 Blade Runners
32%
230 Don't You Forget About Me
32%
195 Do You Believe in Miracles?
32%
250 First Blood
32%
319 Galaxy Brain
32%
208 Halt and Catch Fire
32%
58 Long-Distance Call
32%
118 Mannequin 3: The Reckoning
32%
199 Paper Moon
32%
234 Safe House
32%
288 Stranger in a Strange Land
32%
258 The British Invasion
32%
206 There's No Place Like Home
32%
261 Twigs and Twine and Tasha Banes
32%
239 All in the Family
31%
308 Back and to the Future
31%
114 Caged Heat
31%
101 Hammer of the Gods
31%
128 Hello, Cruel World
31%
314 Last Call
31%
116 Like a Virgin
31%
231 Love Hurts
31%
315 Our Father, Who Aren't in Heaven
31%
144 Party On, Garth
31%
141 Repo Man
31%
256 Somewhere Between Heaven and Hell
31%
170 The Great Escapist
31%
296 The Spear
31%
316 The Trap
31%
59 Time Is On My Side
31%
110 You Can't Handle the Truth
31%
245 American Nightmare
29%
323 Drag Me Away (From You)
29%
105 Exile on Main St.
29%
227 O Brother Where Art Thou?
29%
100 Point of No Return
29%
133 The Mentalists
29%
240 We Happy Few
29%
137 Adventures in Babysitting
27%
161 As Time Goes By
27%
113 Clap Your Hands If You Believe...
27%
320 Destiny's Child
27%
277 Devil's Bargain
27%
122 Frontierland
27%
299 Prophet and Loss
27%
273 The Bad Place
27%
209 The Executioner's Song
27%
317 The Heroes' Journey
27%
266 The Rising Son
27%
159 Torn and Frayed
27%
163 Trial and Error
27%
324 Unity
27%
115 Appointment in Samarra
25%
285 Beat the Devil
25%
216 Dark Dynasty
25%
292 Nightmare Logic
25%
297 Nihilism
25%
145 Of Grave Importance
25%
142 Out With the Old
25%
267 Patience
25%
140 Plucky Pennywhistle's Magical Menagerie
25%
248 Rock Never Dies
25%
131 Shut Up, Dr. Phil
25%
260 The Future
25%
139 The Slice Girls
25%
138 Time After Time
25%
207 About a Boy
24%
264 All Along the Watchtower
24%
257 Ladies Drink Free
24%
243 Mamma Mia
24%
307 Moriah
24%
293 Optimism
24%
271 War of the Worlds
24%
269 Advanced Thanatology
22%
213 Book of the Damned
22%
130 Defending Your Life
22%
289 Gods and Monsters
22%
287 Let the Good Times Roll
22%
219 Out of the Darkness, Into the Fire
22%
225 Plush
22%
309 Raising Hell
22%
129 The Girl Next Door
22%
214 The Werther Project
22%
117 Unforgiven
22%
220 Form and Void
20%
313 Golden Time
20%
212 Inside Man
20%
306 Jack in the Box
20%
291 Mint Condition
20%
312 Proverbs 17:3
20%
244 The Foundry
20%
318 The Gamblers
20%
259 The Memory Remains
20%
295 Byzantium
19%
236 Hel's Angel
19%
268 The Big Empty
19%
263 Who We Are
19%
321 Last Holiday
17%
221 The Bad Seed
17%
246 The One You've Been Waiting For
17%
255 The Raid
17%
311 Atomic Monsters
15%
233 Beyond the Mat
15%
303 Don't Go in the Woods
15%
286 Exodus
15%
254 Family Feud
15%
304 Game Night
15%
265 Lost and Found
15%
272 The Scorpion and the Frog
15%
305 Absence
14%
282 Bring 'em Back Alive
14%
283 Funeralia
14%
278 Good Intentions
14%
229 Into the Mystic
14%
226 Just My Imagination
14%
224 Our Little World
14%
237 The Chitters
14%
284 Unfinished Business
14%
302 Peace of Mind
12%
294 Unhuman Nature
12%
276 Various and Sundry Villains
12%
275 Breakdown
10%
298 Damaged Goods
10%
No matching quizzes found
Score Distribution
Percent of People with Each Score
Percentile by Number Answered
Your Score History
You have not taken this quiz